Online Catalogue and eLibrary

Claiming Our Place : (Record no. 496)

MARC details
000 -LEADER
fixed length control field 00478nam a22001577a 4500
005 - DATE AND TIME OF LATEST TRANSACTION
control field 20240227025303.0
008 - FIXED-LENGTH DATA ELEMENTS--GENERAL INFORMATION
fixed length control field 240227b |||||||| |||| 00| 0 eng d
082 ## - DDC Classification
DDC Edition Number 22
Class No. 323.334.
Item Number - Author Mark CLA.
245 ## - TITLE STATEMENT
Title Claiming Our Place :
Remainder of title working the rights system to women's Advantage /
260 ## - PUBLICATION, DISTRIBUTION, ETC.
Place of publication, distribution, etc. Washington ;
Name of publisher, distributor, etc. Institute foe women, Law and Development /
Date of publication, distribution, etc. 1993.
300 ## - PHYSICAL DESCRIPTION
Extent (e.g. Volumes, Pages etc.) 163 p.,
650 ## - SUBJECT ADDED ENTRY--TOPICAL TERM
Topical term or geographic name entry element Women
650 ## - SUBJECT ADDED ENTRY--TOPICAL TERM
Topical term or geographic name entry element law and Development
700 ## - ADDED ENTRY--PERSONAL NAME
Personal name Schuler A. Margaret.
Relator term (Role) Editor
942 ## - Koha item type (Biblio)
Koha item type Books in Stacks (Lending)
Holdings
Lost status Damaged status Collection code Home library Current library Date acquired Full call number Accession Number Item type
    Lending WERC Library WERC Library 02/27/2024 323.334. CLA. 3999 Books in Stacks (Lending)

© WERC Library